Statistics for FIFA 21 Highest Rated Players Per Nation

Click here to take the quiz!

General Stats

  • This quiz has been taken 272 times
  • The average score is 36 of 60

Answer Stats

NationalityRatingPlayer% Correct
Argentina93Messi
100%
Belgium91De Bruyne
100%
Poland91Lewandowski
100%
Brazil91Neymar Jr
100%
Portugal92Ronaldo
100%
Egypt90Salah
98%
Senegal90Mané
97%
France90Mbappé
97%
Slovenia91Oblak
96%
Netherlands90van Dijk
95%
Korea Republic87Son
92%
Uruguay87Suárez
92%
Croatia87Modric
91%
Spain89Ramos
89%
Scotland87Robertson
87%
Costa Rica87Navas
85%
Algeria85Mahrez
84%
Gabon87Aubameyang
84%
England88Sterling
84%
Wales83Bale
80%
Switzerland86Sommer
78%
Germany90ter Stegen
76%
Bosnia & Herzegovina85Pjanic
75%
Denmark85Eriksen
75%
Austria84Alaba
74%
Italy87Chiellini
69%
Sweden83Ibrahimovic
68%
Morocco85Ziyech
67%
Chile83Vidal
65%
Canada81Davies
63%
Norway84Håland
62%
USA81Pulisic
58%
Hungary85Gulácsi
57%
Serbia85Milinkovic-Savic
53%
Ivory Coast83Zaha
52%
Nigeria84Ndidi
49%
Slovakia85Škriniar
46%
Finland83Hrádecký
46%
Montenegro81Savić
46%
Greece83Manolas
45%
Ghana84Thomas Partey
42%
Albania83Strakosha
42%
Mexico84Raúl Jiménez
42%
Cameroon84Onana
40%
Russia82Fernandes
36%
Israel81Zahavi
36%
Jamaica80Bailey
35%
Armenia80Mkhitaryan
30%
Colombia83Zapata
28%
Australia80Ryan
27%
Guinea81Keïta
25%
Northern Ireland80Evans
23%
Togo82Djené
20%
Venezuela81Martínez
20%
Turkey80Söyüncü
18%
Ukraine81Marlos
17%
Ireland81Doherty
15%
CR Congo80Bakambu
14%
Czech Republic82Pavlenka
12%
China80Ricardo Goulart
7%

Score Distribution

Percentile by Number Answered

Percent of People with Each Score

Your Score History

You have not taken this quiz